00326nam a2200121Ia 4500008004000000082001300040100003900053245002600092250000500118260005600123300001200179650001300191210210b1979 xxu||||| |||| 00| 0 eng d a297 NOMW aNOMANI (Maulana Mohammad Manzoor). aWhat islam is?. Ed 6. a aLucknow.bIslamic Research and Publications.,c1979 avii,157 aMuslim